000 00873nam a22002417a 4500
999 _c2303
_d2303
005 20251125232743.0
008 s2527 th tha d
040 _aNALT
041 _atha
050 _aDS584 ก6
100 0 _aกิลคริสต์, แอนดรูว์, เซอร์
245 1 0 _aเสรีไทยจากอังกฤษ [2nd]
246 _aBangkok top secret
260 3 _aกรุงเทพฯ :
_bสันติภาพ,
_c2527
300 _a362 หน้า
650 0 4 _aสงครามโลก, ค.ศ. 1939--1945 -- งานใต้ดิน -- ไทย
650 0 4 _aเสรีไทย
700 0 _aกิลคริสต์, แอนดรูว์, เซอร์
850 _aNALT
856 4 0 _uhttps://hdl.handle.net/20.500.14156/462450
_71
942 _cGB
_2lcc